Cultura política de la democracia en Colombia 2007 (Registro nro. 68853)
[ vista simple ]
| 000 -ENCABEZADO | |
|---|---|
| Número de control [NR] | 01495nam a22003257a 4500 |
| 008 - DE LONGITUD FIJA DE DATOS DE ELEMENTOS - INFORMACIÓN GENERAL | |
| Elementos de longitud fija [NR] | 130821s2007 ck gs spa |
| 040 ## - FUENTE DE CATALOGACION [NR] | |
| Agencia de catalogación original [NR] | Co-BoUCM |
| Idioma de catalogación [NR] | spa |
| 041 00 - CODIGO DE IDIOMA [R] | |
| Código de idioma para texto/pista de sonido o título separado [R] | Español |
| 092 ## - SIGNATURA TOPOGRAFICA LOCAL | |
| Número de clasificación local | CD 0251 |
| 100 1# - ASIENTO PRINCIPAL--NOMBRE PERSONAL [NR] | |
| Nombre personal [NR] | Rodríguez-Raga, Juan Carlos |
| 245 10 - MENCION DE TITULO [NR] | |
| Título [NR] | Cultura política de la democracia en Colombia 2007 |
| Mención de responsabilidad, etc. [NR] | [Recurso electrónico] |
| -- | por : Juan Carlos Rodríguez-Raga, Mitchell A. Seligson |
| 260 ## - PUBLICACION, DISTRIBUCION, ETC. (PIE DE IMPRENTA) [R] | |
| Lugar de publicación, distribución, etc. [R] | Bogotá (Colombia) |
| Nombre del editor, distribuidor, etc. [R] | USAID |
| Fecha de publicación, distribución, etc. [R] | 2007 |
| 300 ## - DESCRIPCION FISICA [R] | |
| Extensión [R] | 1 CD-ROM. |
| 650 04 - ASIENTO SECUNDARIO DE MATERIA - TERMINO TEMATICO [R] | |
| Término temático o nombre geográfico como elemento de entrada [NR] | Ciencia política |
| 9 (RLIN) | 340 |
| 650 04 - ASIENTO SECUNDARIO DE MATERIA - TERMINO TEMATICO [R] | |
| Término temático o nombre geográfico como elemento de entrada [NR] | Conflicto armado |
| Subdivisión general [R] | Investigaciones |
| Subdivisión geográfica [R] | Colombia |
| Subdivisión de forma [R] | CD-ROM |
| 9 (RLIN) | 11564 |
| 650 04 - ASIENTO SECUNDARIO DE MATERIA - TERMINO TEMATICO [R] | |
| Término temático o nombre geográfico como elemento de entrada [NR] | Corrupción política |
| Subdivisión general [R] | Investigaciones |
| Subdivisión geográfica [R] | Colombia |
| Subdivisión de forma [R] | CD-ROM |
| 9 (RLIN) | 12030 |
| 650 04 - ASIENTO SECUNDARIO DE MATERIA - TERMINO TEMATICO [R] | |
| Término temático o nombre geográfico como elemento de entrada [NR] | Cultura política |
| Subdivisión general [R] | Investigaciones |
| Subdivisión geográfica [R] | Colombia |
| Subdivisión de forma [R] | CD-ROM |
| 9 (RLIN) | 12406 |
| 650 04 - ASIENTO SECUNDARIO DE MATERIA - TERMINO TEMATICO [R] | |
| Término temático o nombre geográfico como elemento de entrada [NR] | Democracia |
| Subdivisión general [R] | Investigaciones |
| Subdivisión geográfica [R] | Colombia |
| Subdivisión de forma [R] | CD-ROM |
| 9 (RLIN) | 12617 |
| 650 04 - ASIENTO SECUNDARIO DE MATERIA - TERMINO TEMATICO [R] | |
| Término temático o nombre geográfico como elemento de entrada [NR] | Elecciones |
| Subdivisión general [R] | Investigaciones |
| Subdivisión geográfica [R] | Colombia |
| Subdivisión de forma [R] | CD-ROM |
| 9 (RLIN) | 13957 |
| 650 04 - ASIENTO SECUNDARIO DE MATERIA - TERMINO TEMATICO [R] | |
| Término temático o nombre geográfico como elemento de entrada [NR] | Participación política |
| Subdivisión general [R] | Investigaciones |
| Subdivisión geográfica [R] | Colombia |
| Subdivisión de forma [R] | CD-ROM |
| 9 (RLIN) | 21123 |
| 650 04 - ASIENTO SECUNDARIO DE MATERIA - TERMINO TEMATICO [R] | |
| Término temático o nombre geográfico como elemento de entrada [NR] | Partidos políticos |
| Subdivisión general [R] | Investigaciones |
| Subdivisión geográfica [R] | Colombia |
| Subdivisión de forma [R] | CD-ROM |
| 9 (RLIN) | 7900 |
| 650 04 - ASIENTO SECUNDARIO DE MATERIA - TERMINO TEMATICO [R] | |
| Término temático o nombre geográfico como elemento de entrada [NR] | Separación de poderes |
| Subdivisión general [R] | Investigaciones |
| Subdivisión geográfica [R] | Colombia |
| Subdivisión de forma [R] | CD-ROM |
| 9 (RLIN) | 24220 |
| 700 1# - ASIENTO SECUNDARIO - NOMBRE PERSONAL [R] | |
| Nombre personal [NR] | Seligson, Mitchell A. |
| 710 1# - ASIENTO SECUNDARIO - NOMBRE CORPORATIVO [R] | |
| Nombre corporativo o de jurisdicción como elemento de entrada [NR] | Universidad de Vanderbilt. |
| Unidad subordinada [R] | Proyecto de Opinión Pública de América Latina. LAPOP |
| 710 2# - ASIENTO SECUNDARIO - NOMBRE CORPORATIVO [R] | |
| Nombre corporativo o de jurisdicción como elemento de entrada [NR] | Agencia de los Estados Unidos para el Desarrollo Internacional. USAID |
| 710 2# - ASIENTO SECUNDARIO - NOMBRE CORPORATIVO [R] | |
| Nombre corporativo o de jurisdicción como elemento de entrada [NR] | Barómetro de las Américas |
| 710 2# - ASIENTO SECUNDARIO - NOMBRE CORPORATIVO [R] | |
| Nombre corporativo o de jurisdicción como elemento de entrada [NR] | Observatorio de la Democracia |
| 710 2# - ASIENTO SECUNDARIO - NOMBRE CORPORATIVO [R] | |
| Nombre corporativo o de jurisdicción como elemento de entrada [NR] | Universidad de Los Andes |
| 942 ## - ELEMENTOS DE ENTRADA AGREGADOS (KOHA) | |
| Tipo de ítem principal el descrito en 300a | Multimedia |
| Sistema de clasificación | LOCAL |
| Tema principal | Ciencia política |
| Edición | 1 |
| Fecha de último préstamo | Total préstamos | Código de barras | Última vez visto | Volúmen / Fascículo | Ejemplar | Price effective from | Tipo de ítem | Perdido | Sistema de clasificación | Dañado | No prestable | Tipo de ítem específico | Suprimido | Ubicación habitual | Ubicación actual | Localización | Fecha de creación | Forma de adquisición | Costo |
|---|---|---|---|---|---|---|---|---|---|---|---|---|---|---|---|---|---|---|---|
| 22/08/2014 | 1 | 100108864 | 10/12/2024 | CD 0251 | Ej.1 | 03/02/2013 | Multimedia | DEWEY | CD-Rom | Claustro | Claustro | Colección digital | 28/02/2010 | Donación | 26000.00 |